| 000 | 00548nam a2200157 a 4500 | ||
|---|---|---|---|
| 001 | 000031769 | ||
| 005 | 20200930063151.0 | ||
| 008 | 110701s1997 dr a 000 0 spa d | ||
| 040 |
_aDO-SdBNP _bspa _cBNPHU |
||
| 082 |
_axxx _bM341a |
||
| 100 | 1 |
_aMarión Heredia, Luis _958002 |
|
| 245 | 1 | 0 |
_aAlbum de mariposas dominicanas : _b(album integrado instructivo para colorear) / _cLuis Marión Heredia, Olimpia Salazar Deligne. |
| 260 |
_aSanto Domingo : _bPsicolab, _c1997. |
||
| 300 |
_a[28] : _bil. ; _c28 cm. |
||
| 700 | 1 |
_aSalazar Deligne, Olimpia _958003 |
|
| 999 |
_c31261 _d31261 |
||